000 01046nam a22002057a 4500
999 _c63423
_d63423
003 Ge_BSU
005 20251007150211.0
008 251007s2005 ge ||||| |||| 00| 0 geo d
020 _a9992873027
041 _ageo
080 _a611(075.8) კ-43
100 _aკაციტაძე, ზურაბ
_925948
245 _aადამიანის ანატომია:
_bსახელმძღვანელო სამედ. ინსტიტუტების სტუდენტებისათვის /
_cზურაბ კაციტაძე ; რედაქტორი ნ. ჯავახიშვილი.
250 _aმესამე შესწორებული გამოცემა
264 _aთბილისი :
_b მედეა,
_c2005
300 _a608 გვ.:
_bსურ. ;
_c26 სმ
653 _aადამიანის ანატომია
700 _aჯავახიშვილი,ნ.
_eრედაქტორი
_925949
942 _2udc
_cᲬᲘᲒᲜᲘ